| 000 | 00509nam a22001697a 4500 | ||
|---|---|---|---|
| 999 |
_c9651 _d9651 |
||
| 003 | AR-CdUCM | ||
| 008 | 190328b ||||| |||| 00| 0 spa d | ||
| 040 |
_aMUNICIPALIDAD PROVINCIAL DEL CUSCO _cBIBLIOTECA MUNICIPAL DEL CUSCO |
||
| 082 |
_aC / 946.08 / _bB28E |
||
| 100 |
_aBazán, Armando _923579 |
||
| 245 | _aEspaña ante el Abismo / | ||
| 260 |
_aChile : _b"Cultura" , _c1937. |
||
| 300 |
_a105 páginas ; _c18.8 cm. |
||
| 500 | _aContiene dedicatoria a Luis Nieto. | ||
| 942 |
_2ddc _cLIBROS |
||
| 945 | _artm | ||